Destination Unknown (Record no. 4133)

MARC details
000 -LEADER
fixed length control field 00417nam a22001697a 4500
005 - DATE AND TIME OF LATEST TRANSACTION
control field 20260413115905.0
008 - FIXED-LENGTH DATA ELEMENTS--GENERAL INFORMATION
fixed length control field 160627b xxu||||| |||| 00| 0 eng d
020 ## - INTERNATIONAL STANDARD BOOK NUMBER
ISBN 978-0-00-71-5490-6
041 ## - LANGUAGE CODE
Language code of text/sound track or separate title eng
082 ## - DEWEY DECIMAL CLASSIFICATION NUMBER
Classification number 823.912 CHR
100 ## - MAIN ENTRY--AUTHOR NAME
Personal name Christic, Agatha
245 ## - TITLE STATEMENT
Title Destination Unknown
260 ## - PUBLICATION, DISTRIBUTION, ETC. (IMPRINT)
Name of publisher Harper
Year of publication 1954
300 ## - PHYSICAL DESCRIPTION
Number of Pages 316
650 ## - SUBJECT ADDED ENTRY--TOPICAL TERM
General subdivision English detective/mystery fiction
942 ## - ADDED ENTRY ELEMENTS (KOHA)
Koha item type Books
Holdings
Lost status Damaged status Collection code Home library Current library Shelving location Date acquired Cost, normal purchase price Full call number Accession Number Koha item type
    LIFE SKILL JRU Library JRU Library SHELF-101-G 27/06/2016 150.00 823.912 10380 Books